| 000 -LEADER |
| fixed length control field |
01638cam a2200241 a 4500 |
| 003 - CONTROL NUMBER IDENTIFIER |
| control field |
OSt |
| 005 - DATE AND TIME OF LATEST TRANSACTION |
| control field |
20200317104238.0 |
| 008 - FIXED-LENGTH DATA ELEMENTS--GENERAL INFORMATION |
| fixed length control field |
070822s2008 nyuae b 000 0 eng |
| 020 ## - INTERNATIONAL STANDARD BOOK NUMBER |
| International Standard Book Number |
9781568987187 (hardcover : alk. paper) |
| 082 00 - DEWEY DECIMAL CLASSIFICATION NUMBER |
| Classification number |
720.973 |
| Edition number |
22 |
| Item number |
KIL |
| 245 00 - TITLE STATEMENT |
| Title |
Detail in process / |
| Statement of responsibility, etc |
Christine Killory and René Davids, editors. |
| 260 ## - PUBLICATION, DISTRIBUTION, ETC. (IMPRINT) |
| Place of publication, distribution, etc |
New York : |
| Name of publisher, distributor, etc |
Princeton Architectural Press, |
| Date of publication, distribution, etc |
c2008. |
| 300 ## - PHYSICAL DESCRIPTION |
| Extent |
208 p. : |
| Other physical details |
col. ill., plans (some col.) ; |
| Dimensions |
32 cm. |
| 440 #0 - SERIES STATEMENT/ADDED ENTRY--TITLE |
| Title |
AsBuilt |
| 504 ## - BIBLIOGRAPHY, ETC. NOTE |
| Bibliography, etc |
Includes bibliographical references. |
| 505 0# - FORMATTED CONTENTS NOTE |
| Formatted contents note |
Morimoto New York -- Terrence Donnelly Centre for Cellular and Biomolecular Research -- BRIDGES Center -- Des Moines public library -- Picower Institute for Learning and Memory -- University of Phoenix Stadium -- Hearst Tower -- Leslie Dan Pharmacy Building -- Floating Box House -- Biodesign Institute Building B -- La Maison Unique -- de Young Museum -- Children's Museum of Pittsburgh -- Marsupial Bridge and Urban Plaza -- Desert House Prototype -- Pedestrian Bridge -- University of Cincinnati Campus Recreation Center -- Guthrie Theater -- High Museum of Art -- Meinel Optical Sciences Building -- Gary Comer Youth Center -- Toledo Museum of Art Glass Pavilion -- 7 World Trade Center -- Library for manuscripts -- House of Sweden (Swedish Embassy). |
| 650 #0 - SUBJECT ADDED ENTRY--TOPICAL TERM |
| Topical term or geographic name as entry element |
Architecture |
| Geographic subdivision |
United States |
| General subdivision |
History |
| Chronological subdivision |
21st century. |
| 650 #0 - SUBJECT ADDED ENTRY--TOPICAL TERM |
| Topical term or geographic name as entry element |
Architecture |
| General subdivision |
Technological innovations |
| Geographic subdivision |
United States. |
| 700 1# - ADDED ENTRY--PERSONAL NAME |
| Personal name |
Killory, Christine, |
| Dates associated with a name |
1958- |
| 700 1# - ADDED ENTRY--PERSONAL NAME |
| Personal name |
Davids, René, |
| Dates associated with a name |
1949- |
| 856 41 - ELECTRONIC LOCATION AND ACCESS |
| Materials specified |
Table of contents only |
| Uniform Resource Identifier |
<a href="http://www.loc.gov/catdir/toc/ecip0725/2007034955.html">http://www.loc.gov/catdir/toc/ecip0725/2007034955.html</a> |
| 942 ## - ADDED ENTRY ELEMENTS (KOHA) |
| Source of classification or shelving scheme |
|